Lúa lai và kỹ thuật thâm canh

Nội dung của sách đề cập đến các kiến thức cơ bản về lúa lai, những đặc điểm riêng biệt của mhóm lúa này cùng các chi tiết kỹ thuật để ứng dụng trong thâm canh nhằm đạt được hiệu quả cao nhất....

Celý popis

Uloženo v:
Podrobná bibliografie
Hlavní autor: Nguyễn, Văn Hoan
Médium: Kniha
Jazyk:Undetermined
Vydáno: Hà Nội Nông Nghiệp 2000
Témata:
Tagy: Přidat tag
Žádné tagy, Buďte první, kdo otaguje tento záznam!
Thư viện lưu trữ: Trung tâm Học liệu Trường Đại học Cần Thơ
LEADER 00891nam a2200205Ia 4500
001 CTU_139015
008 210402s9999 xx 000 0 und d
082 |a 633.18 
082 |b H406 
100 |a Nguyễn, Văn Hoan 
245 0 |a Lúa lai và kỹ thuật thâm canh 
245 0 |c Nguyễn Văn Hoan 
260 |a Hà Nội 
260 |b Nông Nghiệp 
260 |c 2000 
520 |a Nội dung của sách đề cập đến các kiến thức cơ bản về lúa lai, những đặc điểm riêng biệt của mhóm lúa này cùng các chi tiết kỹ thuật để ứng dụng trong thâm canh nhằm đạt được hiệu quả cao nhất. 
650 |a Rice,Rice,Lúa 
650 |x Breeding,Research,Nghiên cứu 
904 |i Trọng Hải 
980 |a Trung tâm Học liệu Trường Đại học Cần Thơ